The letters to the Galatians and Ephesians. (Record no. 440)

000 -LEADER
fixed length control field 00822nam a2200217 a 4500
001 - CONTROL NUMBER
control field :::00013594$&:&@@
003 - CONTROL NUMBER IDENTIFIER
control field OkBaRHE
005 - DATE AND TIME OF LATEST TRANSACTION
control field 20100324120840.0
008 - FIXED-LENGTH DATA ELEMENTS--GENERAL INFORMATION
fixed length control field s1976 j 000 0 eng u
040 ## - CATALOGING SOURCE
Transcribing agency
100 1# - MAIN ENTRY--PERSONAL NAME
Personal name Barclay, William, 1907-1978.
245 14 - TITLE STATEMENT
Title The letters to the Galatians and Ephesians.
Statement of responsibility, etc Translated with an introduction and interpretation by William Barclay.
250 ## - EDITION STATEMENT
Edition statement Rev. ed.
260 ## - PUBLICATION, DISTRIBUTION, ETC. (IMPRINT)
Place of publication, distribution, etc Philadelphia, PA., :
Name of publisher, distributor, etc Westminster Press
Date of publication, distribution, etc 1976
300 ## - PHYSICAL DESCRIPTION
Extent xv, 220 p. ;
Dimensions 19 cm.
490 0# - SERIES STATEMENT
Series statement The Daily study Bible series -- Rev. ed.
650 ## - SUBJECT ADDED ENTRY--TOPICAL TERM
Topical term or geographic name as entry element Bible New Testament Ephesians
General subdivision Commentaries
650 ## - SUBJECT ADDED ENTRY--TOPICAL TERM
Topical term or geographic name as entry element Bible New Testament Galatians
General subdivision Commentaries
942 ## - ADDED ENTRY ELEMENTS (KOHA)
Source of classification or shelving scheme
Koha item type Books
Copies
Price effective from Copy number Not for loan Date acquired Barcode Full call number Collection code Date last seen Damaged status Source of classification or shelving scheme Shelving location Lost status Koha item type Permanent Location Withdrawn status
2010-04-141 2010-04-1413594BS 2683 .B37 1976Reference2018-04-03  General Stacks BooksRHEMA Bible Training College